Statistiques concernant Les 48 catégories de bleus

Cliquez ici pour prendre le quiz!

Statistiques générales

  • Ce quiz a été pris 104 fois
  • Le résultat moyen est 8 sur 48

Statistiques - réponses

catégories% Correct
bleuciel
78%
bleuMarine
72%
bleuturquoise
72%
bleuazur
66%
bleucyan
65%
bleuroi
64%
bleunuit
45%
bleuindigo
41%
bleucanard
34%
bleuoutremer
23%
bleupastel
19%
bleusaphir
19%
bleubleu
17%
bleuélectrique
17%
bleupétrole
17%
bleulavande
13%
bleupervenche
13%
bleucobalt
12%
bleuprusse
12%
bleuFrance
8%
bleuhorizon
8%
bleuacier
7%
bleuaigue-marine
7%
bleubleuet
7%
bleudenim
6%
bleucéleste
5%
bleufumé
5%
bleupaon
5%
bleupersan
5%
bleubleu-vert
4%
bleudragé
4%
bleuégyptien
4%
bleugivré
4%
bleuMajorelle
4%
bleuMaya
4%
bleuminéral
4%
bleusmalt
4%
bleutiffany
4%
bleuturquin
4%
bleubarbeau
2%
bleubleu-violet
2%
bleucaeruleum
2%
bleuminuit
2%
bleusafre
2%
bleusarcelle
2%
bleuazuré
1%
bleucharette
1%
bleugris de lin
1%

Distribution des résultats

Percentile par nombre de réponses

% des personnes avec chaque résultat

Votre développement - résultats

Vous n’avez pas pris ce quiz